000 00321nam a2200157Ia 4500
100 _aThanekar/ Pankaj
490 _v2
942 _cRB
654 _amathematics II
245 _aApplied Mathematics-II
260 _bStudents Pub
_aMumbai
082 _a519
_bTHA
300 _a249
546 _aENGLISH
999 _c32934
_d32934